000 nam a22 a 4500
999 _c407231
_d407231
003 BLK
005 20210409130453.0
008 210408b bu |||||r|||| 00| | bu d
040 _aBLK
041 _aBUL
_cBUL
080 _aМеждународни политически отношения. Световна политика. Международна политика. Дипломация
_b327
_z327
139 _aДоговор за мир с България
245 _aДоговор за мир с България
260 _aСофия
_bМВР
_c1947
_9210967
300 _a27 с.
_c32 см
380 _a3
500 _aТекст и на рус., англ. и фр. ез.
650 7 _9161768
_aМеждународни договори и съглашения - България с другите страни
650 0 _9340406
_aВтора световна война - мирни договори
653 7 _9191116
_aмирни договори
653 7 _9191110
_aмир
852 _aЦб 3.325.22661
_bО
942 _cKNG
_n0
_s1
944 _aCR
_c2021-04-09
_kКети